书目信息 |
| 题名: |
国际商法
|
|
| 作者: | 史学瀛 , 李树成 编著 | |
| 分册: | ||
| 出版信息: | 天津 南开大学出版社 2013 |
|
| 页数: | 366页 | |
| 开本: | 23cm | |
| 丛书名: | 现代国际贸易丛书 | |
| 单 册: | ||
| 中图分类: | D996.1 | |
| 科图分类: | ||
| 主题词: | 国际商法 | |
| 电子资源: | ||
| ISBN: | 978-7-310-04393-4 | |
| 000 | 01021oam2 2200301 450 | |
| 001 | 523 | |
| 005 | 20140908110952.54 | |
| 010 | @a978-7-310-04393-4@dCNY43.00 | |
| 100 | @a20140605d2013 em y0chiy50 ea | |
| 101 | 0 | @achi |
| 102 | @aCN@b120000 | |
| 105 | @ay z 000yy | |
| 106 | @ar | |
| 200 | 1 | @a国际商法@AGuo Ji Shang Fa@f史学瀛,李树成等编著@FShi Xue Ying, Li Shu Cheng Deng Bian Zhu |
| 205 | @a3版 | |
| 210 | @a天津@c南开大学出版社@d2013 | |
| 215 | @a366页@d23cm | |
| 225 | 2 | @a现代国际贸易丛书 |
| 312 | @a封面英文题名:International commercial law | |
| 330 | @a本书内容共分9章:导论、合同法、国际货物买卖法、国际产品责任法、代理法、商事组织法、票据法、知识产权法、仲裁与涉外民事诉讼。 | |
| 461 | 0 | @12001 @a现代国际贸易丛书 |
| 510 | 1 | @aInternational commercial law@zeng |
| 606 | 0 | @a国际商法 |
| 690 | @aD996.1@v5 | |
| 701 | 0 | @a史学瀛@AShi Xue Ying@f(1963~)@4编著 |
| 701 | 0 | @a李树成@ALi Shu Cheng@c(法学)@4编著 |
| 801 | 0 | @aCN@bTANGWEI@c20140603 |
| 905 | @b0838582-84@dD996.1@e117=3@f3 | |
| 国际商法/史学瀛,李树成等编著.-3版.-天津:南开大学出版社,2013 |
| 366页;23cm.-(现代国际贸易丛书) |
| ISBN 978-7-310-04393-4:CNY43.00 |
| 本书内容共分9章:导论、合同法、国际货物买卖法、国际产品责任法、代理法、商事组织法、票据法、知识产权法、仲裁与涉外民事诉讼。 |
| ● |
| 相关链接 |
|
|
|
|
正题名:国际商法
索取号:D996.1/117=3
 
预约/预借
| 序号 | 登录号 | 条形码 | 馆藏地/架位号 | 状态 | 备注 |
| 1 | 0838582 | 208385825 | 第一样本阅览室/ [索取号:D996.1/117=3] | 在馆 | |
| 2 | 0838583 | 208385834 | 第一借阅区/ [索取号:D996.1/117=3] | 在馆 | |
| 3 | 0838584 | 208385843 | 密集书库-史法系/ [索取号:D996.1/117=3] | 在馆 |